| 000 | 01099nam a22003617a 4500 | ||
|---|---|---|---|
| 001 | 000024379 | ||
| 003 | CHAP | ||
| 005 | 20220817041741.0 | ||
| 008 | 971013s1967 r 10010 d | ||
| 010 | _a23333 | ||
| 011 | _a24305 | ||
| 035 | _a28404 | ||
| 040 | _cCHAP | ||
| 090 | _aFolleto 1530 | ||
| 111 | 0 | 0 |
_aComisión Forestal de América del Norte. Reunión ( _n4 _d: 1967 _c: México, D.F.) _925722 |
| 245 | 1 | 0 | _aGrupo de trabajo sobre fauna silvestre y recreación al aire libre. |
| 260 |
_a(Roma) : _bFAO, _c1967. |
||
| 300 | _a4 h. | ||
| 490 | _aFO:NAFC-67/5 | ||
| 590 |
_aBATCH-UPD _b10 _c20130110 _lUCH01 _h1644 |
||
| 590 |
_aBATCH-UPD _b10 _c20130410 _lUCH01 _h1034 |
||
| 590 |
_aBATCH-UPD _b10 _c20130914 _lUCH01 _h1018 |
||
| 590 |
_aCONVERSION _b10 _c20130109 _lUCH01 _h1314 |
||
| 590 |
_aE11695DGD _b10 _c20141121 _lUCH01 _h1131 |
||
| 650 | 1 | 4 |
_aVida al aire libre. _9119148 |
| 650 | 1 | 4 |
_aVida silvestre. _9119155 |
| 710 | 0 | _aFAO. | |
| 830 | 0 |
_aFO:NAFC-67/5 _941918 |
|
| 901 | _aBK | ||
| 942 | _cFOLL | ||
| 942 | _n0 | ||
| 949 |
_aFolleto 1530 _bBC _cFOLL _d-65558 _eTS1 _i28404 _mD _si |
||
| 999 |
_c23333 _d23333 |
||